| 000 | 00781nam a2200229 i 4500 | ||
|---|---|---|---|
| 001 | 44660 | ||
| 003 | ES-MaACL | ||
| 005 | 20250927160129.0 | ||
| 007 | t| | ||
| 008 | 030324s1968 sp afo ||||1|bspa d | ||
| 080 | _a929 Galileo | ||
| 100 | 1 |
_aCimino, Bárbara. _938843 |
|
| 245 | 1 | 0 |
_aGalileo / _ctexto de Bárbara Cimino ; traducción y adaptación de Juan Bonelli Rubio. |
| 260 |
_aMadrid : _bPrensa Española, _c[1968] |
||
| 300 |
_a75 p., 8 lám. col. : _bil. ; _c29 cm. |
||
| 490 | 1 | _aGrandes de todos los tiempos | |
| 600 | 1 | 4 |
_aGalilei, Galileo, _d1564-1642 _953419 |
| 700 | 1 |
_aBonelli Rubio, Juan María, _d1904-1981 _930103 |
|
| 830 | 0 |
_aGrandes de todos los tiempos _9184021 |
|
| 852 |
_aES-MaACL _jC-35641 _z. - enc. cart. |
||
| 999 |
_c44660 _d44660 |
||